书目信息 |
| 书名: | Physics for scientists and engineers | |
| 作者: | Paul A. Tipler. | |
| 分册号: | ||
| 分册名: | 出版地: | New York, NY : |
|
| 出版社: | Worth Publishers | |
| 出版时间: | c1991. | |
| 页数: | 1 v. (various pagings) : | |
| 开本: | 29 cm. | |
| 丛书名: | ||
| 中图分类号: | ||
| 科图分类号: | ||
| 其他分类号: | TB13 | |
| 主题词: | ||
| 电子资源: | ||
| 000 | 01125cam a2200337 a 450 | |
| 001 | E0758327039 | |
| 005 | 20070707161323.62 | |
| 008 | 910910s1991 nyua b 001 0 eng | |
| 010 | @a89052164 | |
| 020 | @a0879014326. | |
| 035 | @A(DLC) 89052164 | |
| 040 | @aDLC@cDLC@dDLC | |
| 050 | 10 | @aQC21.2@b.T549 1991 |
| 082 | 00 | @a530@2 20 |
| 090 | @aTB13 | |
| 099 | @dTB13@ex14=4 | |
| 100 | 1 | @aTipler, Paul Allen,@d1933- |
| 245 | 10 | @aPhysics for scientists and engineers / @cPaul A. Tipler. |
| 250 | @a4th, extended version. | |
| 260 | @aNew York, NY :@bWorth Publishers,@cc1991. | |
| 300 | @a1 v. (various pagings) :@bill. (some col.) ;@c29 cm. | |
| 500 | @aAlso published in Standard version (1 v., chapters 1-35) and in a 2-volume set. | |
| 500 | @aSpine title: Physics. | |
| 500 | @aRev. ed. of: Physics. 2nd ed. c1982. | |
| 504 | @aIncludes bibliographical references and index. | |
| 650 | 0 | @aPhysics. |
| 700 | 1 | @aTipler, Paul Allen,@d1933-@tPhysics. |
| 740 | 0 | @aPhysics. |
| 906 | @a7@bcbc@corignew@d2@eocip@f19@gy-gencatlg | |
| 922 | @aad | |
| 955 | @abr28 to SL 09-10-91; fl43 10-21-91 | |
| Physics for scientists and engineers / / Paul A. Tipler.-4th, extended version.-New York, NY : : Worth Publishers, , c1991. |
| 1 v. (various pagings) : : ill. (some col.) ; ; 29 cm. |
| Also published in Standard version (1 v., chapters 1-35) and in a 2-volume set.-Spine title: Physics.-Rev. ed. of: Physics. 2nd ed. c1982.-Includes bibliographical references and index. |
| ISBN 0879014326. |
| ● |
| 相关链接 |
|
|
|
|
正题名:Physics for scientists and engineers
索取号:TB13/x14=4
 
预约/预借
| 序号 | 登录号 | 条形码 | 馆藏地/架位号 | 状态 | 备注 |
| 1 | 0011238 | 300112385 | 第二样本阅览室/ [索取号:TB13/x14=4] | 在馆 | |
| 2 | 0011239 | 300112394 | 第四借阅区/ [索取号:TB13/x14=4] | 在馆 |